| 000 | 00734nam a22001337a 4500 | ||
|---|---|---|---|
| 040 | _cRUA | ||
| 082 | _aAVM RUN 2009 B087 Or.1 | ||
| 100 | _aRUN, PHALLA. | ||
| 245 | _aSemen quality examination of landrace baor at green feed sperm center cambodia. CO.,Ltd, ការពិនិត្យគុណភាពទឹកកាមជ្រូកបាពូជ LANDRACE ក្នុងមជ្ឍមណ្ឌលស្ពែមជ្រូករបស់ក្រុមហ៊ុនគ្រីនហ្វីត ខេមបូឌាចំកាត់ | ||
| 260 |
_aPhnom Penh _bRUA _c2009 |
||
| 300 |
_aviii; 35p. _bill. _c29cm. |
||
| 856 | _uhttps://drive.google.com/file/d/1EawEju5l1HteN9PMG6yZddxvMvgIWBB8/view?usp=sharing | ||
| 942 | _cAVM | ||
| 999 |
_c2326 _d2326 |
||